| 000 | 00890cam a22002653a 4500 | ||
|---|---|---|---|
| 001 | 11137 | ||
| 003 | PGUSA | ||
| 005 | 20140828083233.0 | ||
| 008 | 040201s2004||||xxu|||||s|||||000 | eng d | ||
| 040 |
_aPGUSA _beng |
||
| 042 | _adc | ||
| 050 | 4 | _aE300 | |
| 100 | 1 |
_aSteward, Austin, _d1794-1860 |
|
| 245 | 1 | 0 |
_aTwenty-Two Years a Slave, and Forty Years a Freeman : _bEmbracing a Correspondence of Several Years, While President of Wilberforce Colony, London, Canada West _h[electronic resource] / _cAustin Steward |
| 260 |
_bProject Gutenberg, _c2004 |
||
| 506 | _aPublic domain in the USA. | ||
| 516 | _aElectronic text | ||
| 653 | _aSlavery -- Virginia | ||
| 653 | _aSteward, Austin, 1794-1860 | ||
| 653 | _aWilberforce Colony | ||
| 653 | _aFugitive slaves -- Biography | ||
| 830 | 0 |
_aProject Gutenberg _v11137 |
|
| 856 | 4 | 0 | _uhttp://www.gutenberg.org/ebooks/11137 |
| 942 | _cEB | ||
| 999 |
_c240392 _d240392 |
||